Preaching on the books of the Old Testament (Record no. 9726)
[ view plain ]
| 000 -LEADER | |
|---|---|
| fixed length control field | 00739nam a2200265 4500 |
| 001 - CONTROL NUMBER | |
| control field | 2556950 |
| 003 - CONTROL NUMBER IDENTIFIER | |
| control field | OSt |
| 005 - DATE AND TIME OF LATEST TRANSACTION | |
| control field | 20210121183919.0 |
| 008 - FIXED-LENGTH DATA ELEMENTS--GENERAL INFORMATION | |
| fixed length control field | 761113s1961 xx 000 0 eng |
| 010 ## - LIBRARY OF CONGRESS CONTROL NUMBER | |
| LC control number | 61007350 |
| 040 ## - CATALOGING SOURCE | |
| Original cataloging agency | DLC |
| Transcribing agency | OHI |
| Modifying agency | KSU |
| -- | UtOrBLW |
| 050 0# - LIBRARY OF CONGRESS CALL NUMBER | |
| Classification number | BS1187 |
| Item number | .S8 |
| 082 0# - DEWEY DECIMAL CLASSIFICATION NUMBER | |
| Classification number | 221.6 |
| 100 1# - MAIN ENTRY--PERSONAL NAME | |
| Personal name | Stevenson, Dwight E., |
| Dates associated with a name | 1906-1996 |
| 245 10 - TITLE STATEMENT | |
| Title | Preaching on the books of the Old Testament |
| 250 ## - EDITION STATEMENT | |
| Edition statement | [First edition] |
| 264 #1 - PRODUCTION, PUBLICATION, DISTRIBUTION, MANUFACTURE, AND COPYRIGHT NOTICE | |
| Place of production, publication, distribution, manufacture | New York : |
| Name of producer, publisher, distributor, manufacturer | Harper, |
| Date of production, publication, distribution, manufacture, or copyright notice | [1961] |
| 300 ## - PHYSICAL DESCRIPTION | |
| Extent | 267 pages ; |
| Dimensions | 22 cm |
| 336 ## - CONTENT TYPE | |
| Content type term | text |
| Content type code | txt |
| Source | rdacontent |
| 337 ## - MEDIA TYPE | |
| Media type term | unmediated |
| Media type code | n |
| Source | rdamedia |
| 338 ## - CARRIER TYPE | |
| Carrier type term | volume |
| Carrier type code | nc |
| Source | rdacarrier |
| 504 ## - BIBLIOGRAPHY, ETC. NOTE | |
| Bibliography, etc. note | Includes bibliography |
| 630 00 - SUBJECT ADDED ENTRY--UNIFORM TITLE | |
| Uniform title | Bible. |
| Name of part/section of a work | Old Testament |
| General subdivision | Homiletical use |
| 942 ## - ADDED ENTRY ELEMENTS (KOHA) | |
| Source of classification or shelving scheme | Dewey Decimal Classification |
| Koha item type | Books |
| Withdrawn status | Lost status | Source of classification or shelving scheme | Damaged status | Not for loan | Collection code | Home library | Current library | Shelving location | Date acquired | Total Checkouts | Full call number | Barcode | Date last seen | Price effective from | Koha item type |
|---|---|---|---|---|---|---|---|---|---|---|---|---|---|---|---|
| Dewey Decimal Classification | Non-fiction | Harvest Mission College | Harvest Mission College | General Stacks | 03.02.2021 | 221.6 ST847P | 011151 | 03.02.2021 | 03.02.2021 | Books |
